| 000 | 00548nam a22001697a 4500 | ||
|---|---|---|---|
| 005 | 20250225084743.0 | ||
| 008 | 250225b |||||||| |||| 00| 0 eng d | ||
| 020 | _a9780323024143 | ||
| 050 |
_aRM170 _b.I585 |
||
| 100 | _aGahart, Betty L. | ||
| 245 |
_aIntravenous Medications/ _ba handbook for nurses and allied health professionals _cBetty L. Gahart & Adrienne R. Nazareno |
||
| 250 | _a21st ed. | ||
| 260 |
_aSt. Louis _bElsevier/Mosby _c2005 |
||
| 300 |
_axxiv. 1234p. _c21.5cm |
||
| 700 | _aNazareno, Adrienne R. | ||
| 942 |
_2lcc _cBK _e21st ed. _n0 |
||
| 999 |
_c4282 _d4282 |
||